| 000 | 00343 a2200121 4500 | ||
|---|---|---|---|
| 020 | _a0030591821 | ||
| 082 | _a624.15136 CER | ||
| 100 | _aCernica, John N. | ||
| 245 |
_aGeotechnical engineering _cJohn N. Cernica. |
||
| 250 | _aint. ed. | ||
| 260 |
_aNew York : _bHolt, Rinehart and Winston, _c1982. |
||
| 300 |
_axviii, 488 p. : _bill. ; _c25 cm. |
||
| 650 | _aSoil mechanics. | ||
| 999 |
_c299 _d299 |
||